[Event "4NCL Division 1 & 2"]
[Site "Daventry, ENG"]
[Date "2022.06.25"]
[Round "10.12"]
[White "Parligras, Mircea-Emilian"]
[Black "Claridge-Hansen, William"]
[Result "1/2-1/2"]
[WhiteElo "2579"]
[BlackElo "2332"]
[PlyCount "43"]
[EventDate "2022.06.25"]
[WhiteTeam "Chess.com Manx Liberty"]
[BlackTeam "Oxford 1"]

1. d4 Nf6 2. c4 e6 3. Nf3 b6 4. g3 Bb7 5. Bg2 Bb4+ 6. Bd2 c5 7. d5 exd5 8. Nh4
O-O 9. Nc3 Ne4 10. cxd5 Bxc3 11. Bxc3 Nxc3 12. bxc3 f5 13. O-O Qf6 14. c4 d6
15. f4 Na6 16. Qd2 Rfe8 17. Rae1 Nc7 18. e4 fxe4 19. Bxe4 b5 20. Qc2 g6 21. Rf2
Re7 22. Rb1 1/2-1/2

[Event "4NCL Division 1 & 2"]
[Site "Daventry, ENG"]
[Date "2022.06.25"]
[Round "10.13"]
[White "Hobson, Kenneth"]
[Black "Lupulescu, Constantin"]
[Result "0-1"]
[WhiteElo "2205"]
[BlackElo "2627"]
[PlyCount "84"]
[EventDate "2022.06.25"]
[WhiteTeam "Oxford 1"]
[BlackTeam "Chess.com Manx Liberty"]

1. e4 c5 2. Nf3 d6 3. Bb5+ Nd7 4. a4 Ngf6 5. Nc3 g6 6. a5 Bg7 7. O-O a6 8. Be2
b5 9. axb6 Bb7 10. d3 Qxb6 11. Nd2 Ne5 12. Kh1 Qc7 13. Nb3 Nc6 14. Be3 O-O 15.
f4 e6 16. Bf3 Nd7 17. g4 Nd4 18. Na5 Rab8 19. Bg2 Ba8 20. Nc4 Nb6 21. Nxb6 Rxb6
22. Na4 Rbb8 23. c3 Nc6 24. f5 Qe7 25. Qd2 Ne5 26. h3 exf5 27. gxf5 Bc6 28. c4
Rb3 29. Nc3 Rfb8 30. Ra2 Bf6 31. fxg6 fxg6 32. Rxa6 Rxb2 33. Qd1 Bg5 34. Rxc6
Bxe3 35. Nd5 Qg5 36. Nxe3 Nxc6 37. Qg4 Qxg4 38. Nxg4 Rb1 39. Nf6+ Kh8 40. Nd5
Rxf1+ 41. Bxf1 Rb2 42. Nc3 Nd4 0-1

[Event "4NCL Division 1 & 2"]
[Site "Daventry, ENG"]
[Date "2022.06.25"]
[Round "10.14"]
[White "Csonka, Balazs"]
[Black "Hansen, Hans-Peter"]
[Result "1-0"]
[WhiteElo "2494"]
[BlackElo "2155"]
[PlyCount "90"]
[EventDate "2022.06.25"]
[WhiteTeam "Chess.com Manx Liberty"]
[BlackTeam "Oxford 1"]

1. e4 c5 2. Nf3 g6 3. d4 cxd4 4. Nxd4 Bg7 5. c4 Nc6 6. Be3 Nf6 7. Nc3 d6 8. Be2
O-O 9. O-O Bd7 10. h3 Nxd4 11. Bxd4 Bc6 12. Qc2 a5 13. Rad1 a4 14. c5 Qa5 15.
cxd6 exd6 16. a3 Rfe8 17. Bf3 Rad8 18. Qd2 Re6 19. Bg4 Nxe4 20. Nxe4 Qxd2 21.
Nxd2 Bxd4 22. Bxe6 fxe6 23. Nc4 e5 24. Rd2 d5 25. Ne3 Rf8 26. Re1 h5 27. Nf1
Kg7 28. Nh2 Bb6 29. Rxe5 d4 30. Nf3 Bxf3 31. gxf3 Rxf3 32. Rb5 Rf6 33. Rd3 Rc6
34. Kg2 Kf6 35. Kf3 g5 36. Ke2 h4 37. Kf3 Bc5 38. Rxb7 Ke5 39. Rg7 Rf6+ 40. Ke2
Rf5 41. Rg8 Kd5 42. Ra8 Re5+ 43. Kd2 Rf5 44. f3 Ke5 45. Ke2 Kd5 1-0

[Event "4NCL Division 1 & 2"]
[Site "Daventry, ENG"]
[Date "2022.06.25"]
[Round "10.15"]
[White "Nataraj, Nakul"]
[Black "Cyborowski, Lukasz"]
[Result "0-1"]
[WhiteElo "2152"]
[BlackElo "2484"]
[PlyCount "124"]
[EventDate "2022.06.25"]
[WhiteTeam "Oxford 1"]
[BlackTeam "Chess.com Manx Liberty"]

1. e4 c5 2. Nf3 e6 3. d4 cxd4 4. Nxd4 Nc6 5. c3 d6 6. Bd3 Nf6 7. O-O Be7 8. Nd2
O-O 9. Qe2 e5 10. N4f3 Re8 11. Nc4 h6 12. Ne3 Be6 13. Rd1 Rc8 14. b3 Nb8 15. c4
Nbd7 16. Ba3 Nc5 17. Bxc5 Rxc5 18. b4 Rc8 19. c5 Qc7 20. cxd6 Bxd6 21. a3 Qe7
22. Nc4 Bc7 23. Rac1 Bd7 24. Ne3 Bb6 25. Nc4 Bc7 26. Ne3 Red8 27. Bc4 Bb6 28.
Nd5 Nxd5 29. Bxd5 Rxc1 30. Rxc1 Be6 31. Rd1 Bxd5 32. Rxd5 Rxd5 33. exd5 e4 34.
Ne1 Qe5 35. d6 Qd5 36. Kf1 g6 37. Nc2 Qxd6 38. Qxe4 Qxh2 39. Ne3 Qc7 40. Nc4
Qd7 41. Ke2 Bd8 42. Ne3 Bf6 43. g3 Kg7 44. Kf3 h5 45. Kg2 b5 46. Nd5 Bb2 47.
Kg1 Qd6 48. Kg2 a6 49. Qd3 Qe5 50. Qf3 Bxa3 51. Qxa3 Qxd5+ 52. Kg1 Qd4 53. Kg2
h4 54. gxh4 Qg4+ 55. Kf1 Qxh4 56. Qc3+ Qf6 57. Qa3 Qd4 58. Kg2 g5 59. Kf1 f6
60. Kg2 Kg6 61. Kg1 g4 62. Qxa6 g3 0-1

[Event "4NCL Division 1 & 2"]
[Site "Daventry, ENG"]
[Date "2022.06.25"]
[Round "10.16"]
[White "Turner, Matthew J"]
[Black "Zakarian, Dimitrios Levon"]
[Result "1-0"]
[WhiteElo "2472"]
[BlackElo "2017"]
[PlyCount "65"]
[EventDate "2022.06.25"]
[WhiteTeam "Chess.com Manx Liberty"]
[BlackTeam "Oxford 1"]

1. e4 c5 2. c3 Nf6 3. e5 Nd5 4. g3 e6 5. Bg2 d6 6. exd6 Bxd6 7. Nf3 O-O 8. O-O
Nc6 9. d4 cxd4 10. Nxd4 Nxd4 11. Qxd4 Qc7 12. Nd2 Rd8 13. Qe4 Nf6 14. Qc4 Qe7
15. Qe2 Rb8 16. Nc4 Bc7 17. a4 b6 18. a5 b5 19. Ne5 Bxe5 20. Qxe5 Bb7 21. Bxb7
Qxb7 22. a6 Qf3 23. Qe3 Qc6 24. Qxa7 Ra8 25. Qe7 Rd7 26. Qb4 Rxa6 27. Rxa6 Qxa6
28. c4 Rd4 29. b3 h6 30. Bb2 Nd5 31. Qe1 Rd3 32. cxd5 Rxb3 33. dxe6 1-0

[Event "4NCL Division 1 & 2"]
[Site "Daventry, ENG"]
[Date "2022.06.25"]
[Round "10.17"]
[White "Arora, Tashika"]
[Black "Kolbus, Dietmar"]
[Result "1/2-1/2"]
[WhiteElo "2036"]
[BlackElo "2309"]
[PlyCount "104"]
[EventDate "2022.06.25"]
[WhiteTeam "Oxford 1"]
[BlackTeam "Chess.com Manx Liberty"]

1. d4 Nf6 2. c4 g6 3. g3 Bg7 4. Bg2 d5 5. cxd5 Nxd5 6. e4 Nb6 7. Ne2 e5 8. d5
c6 9. Nbc3 cxd5 10. exd5 O-O 11. O-O Bf5 12. Qb3 Bd3 13. Rd1 Bc4 14. Qc2 a5 15.
b3 Ba6 16. Ba3 Re8 17. Ne4 Bf8 18. Bxf8 Rxf8 19. N2c3 N8d7 20. Qd2 Kg7 21. Rac1
h6 22. f4 f5 23. fxe5 fxe4 24. e6 Nf6 25. Qd4 Nc8 26. d6 Qxd6 27. Qxd6 Nxd6 28.
Rxd6 Bd3 29. Bf1 Rfd8 30. Rb6 Rab8 31. Ne2 Nd5 32. e7 Nxb6 33. exd8=Q Rxd8 34.
Nf4 Kf6 35. Rd1 Nd5 36. Nxd3 Ne3 37. Re1 exd3 38. Rxe3 d2 39. Be2 d1=R+ 40.
Bxd1 Rxd1+ 41. Kf2 Rd2+ 42. Re2 Rxe2+ 43. Kxe2 Kf5 44. Kf3 b5 45. a3 h5 46. h3
Ke5 47. Ke3 g5 48. h4 gxh4 49. gxh4 Kf5 50. Kf3 Ke5 51. Ke3 Kf5 52. Kf3 Ke5
1/2-1/2

[Event "4NCL Division 1 & 2"]
[Site "Daventry, ENG"]
[Date "2022.06.25"]
[Round "10.18"]
[White "Terbe, Julianna"]
[Black "Pozimski, Szymon"]
[Result "1/2-1/2"]
[WhiteElo "2293"]
[BlackElo "1976"]
[PlyCount "65"]
[EventDate "2022.06.25"]
[WhiteTeam "Chess.com Manx Liberty"]
[BlackTeam "Oxford 1"]

1. e4 d5 2. exd5 Qxd5 3. Nc3 Qd8 4. d4 Nf6 5. Nf3 Bg4 6. h3 Bxf3 7. Qxf3 c6 8.
Be3 e6 9. Bd3 Nbd7 10. O-O-O Qa5 11. Kb1 Bb4 12. Ne2 Qd5 13. Qg3 O-O 14. Qh4
Qh5 15. Qxh5 Nxh5 16. g4 Nhf6 17. g5 Nd5 18. Bc1 Bd6 19. h4 Rad8 20. c4 Ne7 21.
f4 c5 22. Bc2 cxd4 23. Nxd4 Bb8 24. h5 e5 25. fxe5 Nxe5 26. b3 N5c6 27. Nxc6
Nxc6 28. Be4 Rfe8 29. Bd5 Rc8 30. g6 Nd8 31. Rhf1 hxg6 32. Bxf7+ Nxf7 33. Rd7
1/2-1/2

[Event "4NCL Division 1 & 2"]
[Site "Daventry, ENG"]
[Date "2022.06.25"]
[Round "10.21"]
[White "Speelman, Jon S"]
[Black "Wall, Tim P"]
[Result "1/2-1/2"]
[WhiteElo "2500"]
[BlackElo "2305"]
[PlyCount "93"]
[EventDate "2022.06.25"]
[WhiteTeam "Wood Green"]
[BlackTeam "Chessable White Rose 2"]

1. Nf3 f5 2. d3 Nc6 3. Bf4 d6 4. d4 Nf6 5. e3 e6 6. c4 Qe7 7. Nc3 g6 8. Be2 Bg7
9. O-O O-O 10. Rc1 h6 11. d5 Nd8 12. dxe6 Nxe6 13. Bg3 Ne4 14. Nxe4 fxe4 15.
Nd2 Ng5 16. b4 h5 17. h3 Bf5 18. Nb3 h4 19. Bf4 Ne6 20. Bh2 Rad8 21. Bg4 Be5
22. Qe2 Qg5 23. Rcd1 c6 24. Bxe5 dxe5 25. Rxd8 Rxd8 26. Rd1 Rd3 27. Bxf5 Qxf5
28. Nc1 Rc3 29. Nb3 Rd3 30. c5 Ng5 31. Nc1 Rd7 32. Rxd7 Qxd7 33. Kf1 Qd5 34.
Ke1 Kg7 35. Qc2 Ne6 36. Nb3 Kf6 37. Nd2 Ng5 38. Ke2 Ke7 39. Nc4 Nf7 40. a4 Kd7
41. a5 Ke7 42. Nd2 Ng5 43. Qc3 Kd7 44. Qa3 Kc7 45. a6 b6 46. Qc3 b5 47. Qc2
1/2-1/2

[Event "4NCL Division 1 & 2"]
[Site "Daventry, ENG"]
[Date "2022.06.25"]
[Round "10.22"]
[White "Townsend, M Paul"]
[Black "Tan, Justin"]
[Result "1/2-1/2"]
[WhiteElo "2238"]
[BlackElo "2515"]
[PlyCount "68"]
[EventDate "2022.06.25"]
[WhiteTeam "Chessable White Rose 2"]
[BlackTeam "Wood Green"]

1. d4 Nf6 2. c4 e6 3. g3 d5 4. Nf3 Be7 5. Bg2 O-O 6. O-O dxc4 7. Ne5 Nc6 8.
Nxc6 bxc6 9. Na3 Bxa3 10. bxa3 Ba6 11. Qd2 Rb8 12. Qa5 Qc8 13. a4 Rd8 14. Ba3
Rxd4 15. Rfb1 Rb6 16. Bc5 Rd5 17. Bxd5 cxd5 18. Bxb6 axb6 19. Qb4 Nd7 20. Qe7
Ne5 21. Qh4 Nc6 22. Rd1 Qd7 23. Rac1 Na5 24. Qd4 f6 25. Qg4 Qd6 26. Qh5 g6 27.
Qh4 Kg7 28. Rc3 e5 29. g4 Bc8 30. g5 fxg5 31. Qxg5 d4 32. Re3 Bf5 33. Rf3 Qe6
34. Qd8 Qd7 1/2-1/2

[Event "4NCL Division 1 & 2"]
[Site "Daventry, ENG"]
[Date "2022.06.25"]
[Round "10.23"]
[White "Fernandez, Daniel Howard"]
[Black "Dunworth, Christopher N"]
[Result "1-0"]
[WhiteElo "2490"]
[BlackElo "2228"]
[PlyCount "80"]
[EventDate "2022.06.25"]
[WhiteTeam "Wood Green"]
[BlackTeam "Chessable White Rose 2"]

1. e4 d5 2. exd5 Qxd5 3. Nc3 Qd8 4. Nf3 Nf6 5. Bc4 e6 6. O-O Be7 7. d4 O-O 8.
Re1 Nbd7 9. a4 Nb6 10. Bf1 Nbd5 11. a5 Nxc3 12. bxc3 a6 13. g3 b6 14. Ba3 Bxa3
15. Rxa3 Bb7 16. c4 Rb8 17. Bg2 c5 18. dxc5 bxc5 19. Ne5 Qc7 20. Rb3 Bxg2 21.
Rxb8 Qxb8 22. Kxg2 Qb4 23. Re3 Qxa5 24. Qd6 Qd8 25. Qxc5 Qd2 26. Rf3 Qxc2 27.
Nc6 Re8 28. Ne7+ Kh8 29. Nc8 Kg8 30. Qc6 Rf8 31. Ne7+ Kh8 32. Qxa6 Qe4 33. Nc8
h6 34. Nd6 Qd4 35. Qc6 g5 36. h3 Kg7 37. Qc7 Qd1 38. Nb5 Qa1 39. Nc3 Qe1 40. c5
h5 1-0

[Event "4NCL Division 1 & 2"]
[Site "Daventry, ENG"]
[Date "2022.06.25"]
[Round "10.24"]
[White "Arnott, Jonathan W"]
[Black "Harvey, Marcus R"]
[Result "1/2-1/2"]
[WhiteElo "2147"]
[BlackElo "2454"]
[PlyCount "166"]
[EventDate "2022.06.25"]
[WhiteTeam "Chessable White Rose 2"]
[BlackTeam "Wood Green"]

1. e4 c6 2. d4 d5 3. e5 Bf5 4. Nd2 e6 5. Nb3 Nd7 6. Nf3 a6 7. Be2 c5 8. dxc5
Nxc5 9. Nxc5 Bxc5 10. Nd4 Bg6 11. O-O Ne7 12. c3 O-O 13. a4 Rc8 14. Be3 Qc7 15.
b4 Bxd4 16. Bxd4 Rfe8 17. b5 axb5 18. Bxb5 Rf8 19. g4 Ra8 20. Qe2 Rfc8 21. f4
Be4 22. Qe3 Nc6 23. Bb6 Qe7 24. a5 Qh4 25. Be2 Ne7 26. Bd4 h5 27. Qg3 Qxg3+ 28.
hxg3 hxg4 29. Bxg4 Nc6 30. Bb6 g6 31. Be2 Kg7 32. Kf2 Rh8 33. Ke3 Rh3 34. Rg1
Ne7 35. Bg4 Rh2 36. c4 Rb2 37. cxd5 Bxd5 38. Rgb1 Rg2 39. Rg1 Rb2 40. Rgb1 Rg2
41. Rg1 Rh2 42. Rgd1 Bc6 43. Kd4 Ng8 44. Rd3 Nh6 45. Bf3 Nf5+ 46. Kc3 Bxf3 47.
Rxf3 Ne7 48. Kb3 Nd5 49. Bf2 Ra6 50. Ra2 Rh1 51. Bd4 Rb1+ 52. Bb2 Rc6 53. Ra1
Rxa1 54. Bxa1 Ra6 55. Bc3 Nxc3 56. Kxc3 Rxa5 57. Kb4 Rd5 58. Rb3 Kh6 59. Kc4
b5+ 60. Kb4 g5 61. fxg5+ Kxg5 62. Rf3 Kg6 63. Re3 f6 64. exf6 Kxf6 65. Rf3+ Kg5
66. Rf8 e5 67. Rg8+ Kf6 68. g4 e4 69. Kc3 Rd3+ 70. Kb4 Kf7 71. Rg5 Ke6 72. Rxb5
e3 73. Rb8 Kd7 74. Rb7+ Kd6 75. Rb8 Kd5 76. Re8 Rd4+ 77. Kc3 Re4 78. Rd8+ Kc5
79. Rd1 Rxg4 80. Re1 Rg3 81. Kd3 Kd5 82. Rxe3 Rxe3+ 83. Kxe3 Ke5 1/2-1/2

[Event "4NCL Division 1 & 2"]
[Site "Daventry, ENG"]
[Date "2022.06.25"]
[Round "10.25"]
[White "McPhillips, Joseph"]
[Black "Walton, Alan J"]
[Result "1-0"]
[WhiteElo "2409"]
[BlackElo "2102"]
[PlyCount "61"]
[EventDate "2022.06.25"]
[WhiteTeam "Wood Green"]
[BlackTeam "Chessable White Rose 2"]

1. e4 e6 2. d4 d5 3. Nd2 Nf6 4. e5 Nfd7 5. f4 c5 6. c3 Nc6 7. Ndf3 cxd4 8. cxd4
Qb6 9. a3 Be7 10. Ne2 O-O 11. g3 f6 12. Bg2 a6 13. exf6 Nxf6 14. O-O Bd7 15.
Kh1 Rac8 16. Nc3 Na5 17. Ra2 Qb3 18. Qxb3 Nxb3 19. Be3 Bd6 20. Bg1 Rfe8 21. Re1
Kf8 22. Ng5 h6 23. Nf3 Bb8 24. a4 Bd6 25. Ne5 Bxe5 26. dxe5 Ng8 27. Ra3 Na5 28.
f5 exf5 29. Nxd5 Nc4 30. Rc3 Nxe5 31. Nc7 1-0

[Event "4NCL Division 1 & 2"]
[Site "Daventry, ENG"]
[Date "2022.06.25"]
[Round "10.26"]
[White "Shaw, Peter"]
[Black "Royal, Shreyas"]
[Result "0-1"]
[WhiteElo "2092"]
[BlackElo "2354"]
[PlyCount "56"]
[EventDate "2022.06.25"]
[WhiteTeam "Chessable White Rose 2"]
[BlackTeam "Wood Green"]

1. d4 Nf6 2. c4 e6 3. Nf3 d5 4. Nc3 dxc4 5. e3 a6 6. Bxc4 b5 7. Be2 Bb7 8. O-O
Nbd7 9. a4 b4 10. Nb1 Be7 11. b3 O-O 12. Bb2 c5 13. Nbd2 Rc8 14. Rc1 Nb6 15.
Nc4 Nxc4 16. Bxc4 Qa5 17. Qe2 Ne4 18. Rfd1 cxd4 19. Nxd4 Nc3 20. Qg4 h5 21. Qg3
Bf6 22. Bxc3 bxc3 23. Rd3 e5 24. Ne6 Rxc4 25. Nxf8 Rg4 26. Qh3 Bxg2 27. Qxg2
Rxg2+ 28. Kxg2 e4 0-1

[Event "4NCL Division 1 & 2"]
[Site "Daventry, ENG"]
[Date "2022.06.25"]
[Round "10.27"]
[White "Fitzsimons, David"]
[Black "Barrett, Stephen J"]
[Result "1-0"]
[WhiteElo "2393"]
[BlackElo "2087"]
[PlyCount "153"]
[EventDate "2022.06.25"]
[WhiteTeam "Wood Green"]
[BlackTeam "Chessable White Rose 2"]

1. e4 c5 2. Nf3 e6 3. Nc3 d6 4. d4 cxd4 5. Nxd4 Nf6 6. g4 a6 7. g5 Nfd7 8. Be3
b5 9. a3 Nb6 10. h4 N8d7 11. h5 Bb7 12. Qg4 Ne5 13. Qg3 Nbc4 14. O-O-O Rc8 15.
f4 Nxe3 16. Qxe3 Nc4 17. Bxc4 Rxc4 18. g6 hxg6 19. hxg6 Rxh1 20. gxf7+ Kxf7 21.
Rxh1 Qb6 22. Rd1 Qc5 23. Qd3 Be7 24. f5 e5 25. Qg3 Bf6 26. Ne6 Rxc3 27. Qg6+
Ke7 28. Nxc5 Rxc5 29. Rd2 Bxe4 30. Rh2 d5 31. c3 d4 32. Rh8 Bc6 33. Rg8 Bd5 34.
Qe8+ Kd6 35. Qf8+ Kc6 36. Rxg7 Bxg7 37. Qxg7 Bb3 38. Qf6+ Kb7 39. Qe7+ Rc7 40.
Qxe5 dxc3 41. bxc3 Bc4 42. Kd2 Kb6 43. Ke3 a5 44. Qd6+ Kb7 45. Kd4 a4 46. Ke5
Rf7 47. Qd4 Kc6 48. Qe4+ Kc7 49. Kd4 Kb6 50. Qe8 Kc7 51. f6 Kb6 52. Qd8+ Kb7
53. Kc5 Rc7+ 54. Kd6 Rf7 55. Qh8 Rc7 56. Qh1+ Kb8 57. Qe4 Rf7 58. Kc5 Rb7 59.
Kc6 Ka7 60. Qd4+ Kb8 61. Qe5+ Ka7 62. Qe3+ Kb8 63. Qd4 Rf7 64. Kb6 Kc8 65. Qc5+
Kd7 66. Qc6+ Kd8 67. Qd6+ Ke8 68. Kc6 Rh7 69. Qe5+ Kf7 70. Qe7+ Kg6 71. Qe4+
Kh6 72. Kd6 Rf7 73. Ke5 Rc7 74. Qh4+ Kg6 75. Qg3+ Kh7 76. Kf5 Rc5+ 77. Ke4 1-0

[Event "4NCL Division 1 & 2"]
[Site "Daventry, ENG"]
[Date "2022.06.25"]
[Round "10.28"]
[White "Heritage, Jamie"]
[Black "McDonald, Neil"]
[Result "0-1"]
[WhiteElo "2052"]
[BlackElo "2407"]
[PlyCount "82"]
[EventDate "2022.06.25"]
[WhiteTeam "Chessable White Rose 2"]
[BlackTeam "Wood Green"]

1. e4 e6 2. d4 d5 3. Nd2 Nf6 4. e5 Nfd7 5. Bd3 c5 6. c3 b6 7. Ne2 Ba6 8. Bxa6
Nxa6 9. O-O b5 10. f4 g6 11. Nf3 h5 12. Ng5 Be7 13. Qc2 Qb6 14. Be3 c4 15. b3
Bxg5 16. fxg5 Nxe5 17. Nf4 Nc7 18. Rae1 Nd7 19. Nxg6 cxb3 20. axb3 fxg6 21.
Qxg6+ Kd8 22. Qg7 Re8 23. Rf7 Qc6 24. g6 e5 25. dxe5 Ne6 26. Qh7 Kc7 27. Qxh5
Rad8 28. Qf5 Kb8 29. Bd4 b4 30. Ra1 bxc3 31. Bxa7+ Kb7 32. Qg4 Ra8 33. Qb4+ Kc8
34. g7 c2 35. Rff1 d4 36. Qe7 Rxe7 37. g8=Q+ Kb7 38. Qxa8+ Kxa8 39. Bc5+ Kb7
40. Bxe7 Nf4 41. Bg5 Qxg2# 0-1

[Event "4NCL Division 1 & 2"]
[Site "Daventry, ENG"]
[Date "2022.06.25"]
[Round "10.31"]
[White "Kirk, Ezra"]
[Black "Bisby, Daniel L"]
[Result "0-1"]
[WhiteElo "2457"]
[BlackElo "2281"]
[PlyCount "66"]
[EventDate "2022.06.25"]
[WhiteTeam "Cheddleton"]
[BlackTeam "Cambridge University 1"]

1. e4 c5 2. Nf3 e6 3. d4 cxd4 4. Nxd4 Nc6 5. Nc3 a6 6. Nxc6 bxc6 7. Bd3 d5 8.
O-O Nf6 9. Qe2 Be7 10. f4 Qc7 11. Kh1 Bb7 12. Bd2 c5 13. exd5 exd5 14. Rae1 c4
15. Bf5 g6 16. Bh3 d4 17. f5 dxc3 18. Bxc3 Kf8 19. Qe3 g5 20. Qxg5 h6 21. Qe3
Nd5 22. Qd2 Bg5 23. Qf2 Nxc3 24. Qd4 Rg8 25. Qxc3 Qc6 26. Qb4+ Kg7 27. f6+ Bxf6
28. Rf4 Kh8 29. Rxc4 Qd5 30. Rc5 Qd6 31. Qc4 Rae8 32. Rf1 Re3 33. Rh5 Rxh3 0-1

[Event "4NCL Division 1 & 2"]
[Site "Daventry, ENG"]
[Date "2022.06.25"]
[Round "10.32"]
[White "Hill, Alistair"]
[Black "Williams, Simon K"]
[Result "0-1"]
[WhiteElo "2206"]
[BlackElo "2467"]
[PlyCount "68"]
[EventDate "2022.06.25"]
[WhiteTeam "Cambridge University 1"]
[BlackTeam "Cheddleton"]

1. c4 g6 2. d4 Bg7 3. Nf3 Nf6 4. Nc3 O-O 5. e4 d6 6. Be2 Nbd7 7. O-O e5 8. Qc2
c6 9. Rd1 Qe7 10. d5 c5 11. a3 Kh8 12. b4 Ng8 13. Ne1 f5 14. f3 b6 15. Nd3 Ndf6
16. bxc5 bxc5 17. Rb1 Nh6 18. Nf2 fxe4 19. fxe4 Nh5 20. Bxh5 gxh5 21. Rf1 h4
22. Qd3 Nf7 23. Bd2 Ng5 24. Kh1 Rg8 25. Ne2 Bh6 26. Rb3 Qg7 27. g3 Nh3 28. Bxh6
Qxh6 29. Qe3 Qg6 30. Nxh3 Bxh3 31. Rg1 Raf8 32. g4 Bxg4 33. h3 Bf3+ 34. Qxf3
Rxf3 0-1

[Event "4NCL Division 1 & 2"]
[Site "Daventry, ENG"]
[Date "2022.06.25"]
[Round "10.33"]
[White "Pert, Nicholas"]
[Black "McClement, Andrew"]
[Result "1-0"]
[WhiteElo "2536"]
[BlackElo "2211"]
[PlyCount "153"]
[EventDate "2022.06.25"]
[WhiteTeam "Cheddleton"]
[BlackTeam "Cambridge University 1"]

1. d4 Nf6 2. Nf3 e6 3. c4 b6 4. a3 Bb7 5. Bf4 Be7 6. Nc3 O-O 7. d5 d6 8. e4
Nbd7 9. Bd3 e5 10. Be3 g6 11. h3 Nh5 12. Bh6 Re8 13. Bc2 Bf8 14. Bg5 f6 15. Be3
Qc8 16. Qd2 Ba6 17. b3 c6 18. O-O Ng7 19. dxc6 Qxc6 20. Nd5 Bb7 21. Rfd1 Ne6
22. Rac1 Rad8 23. b4 Qc8 24. Ba4 Bc6 25. Bxc6 Qxc6 26. Bh6 Bg7 27. Rc3 Ndf8 28.
Nh2 Nd4 29. Ng4 Re6 30. Kh1 f5 31. Bg5 Rb8 32. Nh6+ Bxh6 33. Bxh6 fxe4 34. Bg5
Rb7 35. Qe3 Qa4 36. Rd2 Rf7 37. Qxe4 Qd7 38. h4 Kg7 39. Rh3 h6 40. Be3 Nf5 41.
Rf3 Nxe3 42. Qxe3 Rxf3 43. Qxf3 Qc6 44. Nf4 Qxc4 45. Nxe6+ Qxe6 46. Qb7+ Kh8
47. Qd5 Qg4 48. Qxd6 Qxh4+ 49. Kg1 Qf4 50. Re2 Qc1+ 51. Kh2 Qf4+ 52. g3 Qf3 53.
Qxe5+ Kg8 54. Qe4 Qf7 55. Kg2 Qd7 56. Re3 Qf7 57. Rf3 Qd7 58. Qa8 Qe7 59. Qd5+
Kg7 60. Re3 Qc7 61. Qe5+ Qxe5 62. Rxe5 Kf7 63. Rd5 Ke7 64. Kf3 Nd7 65. Ke3 Nf6
66. Re5+ Kd6 67. Kd4 Kd7 68. Re1 Kd6 69. f3 Nh5 70. g4 Nf6 71. Re5 g5 72. Re1
h5 73. gxh5 Nxh5 74. Re8 Nf4 75. Ra8 Ne2+ 76. Kd3 Ng1 77. Ke4 1-0

[Event "4NCL Division 1 & 2"]
[Site "Daventry, ENG"]
[Date "2022.06.25"]
[Round "10.34"]
[White "Balaji, Aaravamudhan"]
[Black "Astaneh Lopez, Alex"]
[Result "1/2-1/2"]
[WhiteElo "2211"]
[BlackElo "2436"]
[PlyCount "102"]
[EventDate "2022.06.25"]
[WhiteTeam "Cambridge University 1"]
[BlackTeam "Cheddleton"]

1. Nf3 Nf6 2. b3 d6 3. d4 g6 4. Bb2 Bg7 5. e3 O-O 6. Be2 e5 7. dxe5 Nfd7 8. O-O
Nc6 9. c4 dxe5 10. Qc1 e4 11. Nfd2 f5 12. Rd1 Qg5 13. Bxg7 Kxg7 14. Nc3 Rf7 15.
Nd5 Nf6 16. Qc3 Be6 17. f4 Qh4 18. g3 Qh6 19. Nxf6 Rxf6 20. g4 g5 21. fxg5 Qxg5
22. Kh1 Kh6 23. Rg1 Rg6 24. gxf5 Qxf5 25. Rxg6+ hxg6 26. Rf1 Qe5 27. Qxe5 Nxe5
28. Nxe4 a5 29. Nc5 Bc8 30. Nd3 Nc6 31. Nc5 Nb4 32. Bf3 Rb8 33. a3 Nc2 34. Be4
b6 35. Bxc2 bxc5 36. Rf6 Rb6 37. Rxb6 cxb6 38. Kg2 Kg5 39. Kg3 Kf6 40. h4 a4
41. bxa4 g5 42. h5 Kg7 43. e4 Be6 44. Bd3 Kf6 45. Be2 Bg8 46. Kf3 Be6 47. Ke3
Bd7 48. Bd1 Be6 49. Be2 Bd7 50. Bd1 Be6 51. Be2 Bd7 1/2-1/2

[Event "4NCL Division 1 & 2"]
[Site "Daventry, ENG"]
[Date "2022.06.25"]
[Round "10.35"]
[White "Eggleston, David J"]
[Black "Mihalik, Agoston"]
[Result "1/2-1/2"]
[WhiteElo "2329"]
[BlackElo "2157"]
[PlyCount "107"]
[EventDate "2022.06.25"]
[WhiteTeam "Cheddleton"]
[BlackTeam "Cambridge University 1"]

1. e4 c5 2. Nf3 e6 3. d4 cxd4 4. Nxd4 Bc5 5. Nc3 Qb6 6. Na4 Qa5+ 7. c3 Bxd4 8.
Qxd4 e5 9. Qc5 Qxc5 10. Nxc5 d6 11. Nb3 Nc6 12. f3 Nge7 13. Bg5 f6 14. Bh4 Be6
15. O-O-O O-O-O 16. c4 b6 17. Bf2 Kb7 18. Nd2 f5 19. Nb1 fxe4 20. fxe4 Rhf8 21.
Be3 Ng8 22. Nc3 Nf6 23. Be2 Bg4 24. Rhe1 a6 25. b3 h6 26. h3 Bxe2 27. Rxe2 Ne7
28. Red2 Kc7 29. Kb2 Nh5 30. a4 Nf4 31. Ra1 Nc6 32. Ka3 Kb7 33. Rad1 Rf6 34.
Rf1 Rdf8 35. Rf3 g5 36. Rdf2 Nh5 37. Rxf6 Rxf6 38. Rd2 Ne7 39. b4 Nf4 40. c5
bxc5 41. bxc5 Kc6 42. Kb4 dxc5+ 43. Bxc5 Neg6 44. Kc4 h5 45. Rb2 Kd7 46. Rb7+
Kc8 47. Rg7 Rc6 48. Rg8+ Kd7 49. Nd5 Nxg2 50. Rg7+ Kd8 51. Rg8+ Kd7 52. Nb6+
Kc7 53. Rg7+ Kd8 54. Rg8+ 1/2-1/2

[Event "4NCL Division 1 & 2"]
[Site "Daventry, ENG"]
[Date "2022.06.25"]
[Round "10.36"]
[White "Robertson, J Stuart"]
[Black "Boswell, Jacob Connor"]
[Result "1-0"]
[WhiteElo "2156"]
[BlackElo "2117"]
[PlyCount "71"]
[EventDate "2022.06.25"]
[WhiteTeam "Cambridge University 1"]
[BlackTeam "Cheddleton"]

1. d4 Nf6 2. c4 e6 3. Nc3 Bb4 4. e3 O-O 5. Bd2 b6 6. Nf3 Bb7 7. Bd3 d6 8. O-O
Nbd7 9. a3 Bxc3 10. Bxc3 Ne4 11. Be1 f5 12. Qc2 e5 13. c5 dxc5 14. dxe5 Ng5 15.
Nxg5 Qxg5 16. f4 Qg6 17. Rd1 Kh8 18. Bc4 Be4 19. Qe2 Qe8 20. Bh4 c6 21. Rd6 b5
22. Be6 Nb6 23. g4 fxg4 24. Bxg4 Nc4 25. Re6 Qc8 26. Rd1 Qa6 27. Rd7 Rae8 28.
Ree7 Rxe7 29. Bxe7 Re8 30. Bh5 Ra8 31. Bxc5 Qc8 32. Qg4 Bg6 33. Bxg6 hxg6 34.
Qh4+ Kg8 35. Qe7 Qf8 36. Qe6+ 1-0

[Event "4NCL Division 1 & 2"]
[Site "Daventry, ENG"]
[Date "2022.06.25"]
[Round "10.37"]
[White "Steil-Antoni, Fiona"]
[Black "Lee, Richard W Y"]
[Result "1-0"]
[WhiteElo "2191"]
[BlackElo "2119"]
[PlyCount "91"]
[EventDate "2022.06.25"]
[WhiteTeam "Cheddleton"]
[BlackTeam "Cambridge University 1"]

1. e4 e6 2. d4 d5 3. Bd3 dxe4 4. Bxe4 Nf6 5. Bf3 c5 6. Ne2 Nc6 7. Be3 cxd4 8.
Nxd4 Ne5 9. Nc3 Bb4 10. Ndb5 Qa5 11. O-O O-O 12. Bf4 Bxc3 13. Nxc3 Nxf3+ 14.
Qxf3 Nd5 15. Nxd5 Qxd5 16. Qg3 Qe4 17. c3 Bd7 18. Rad1 Bc6 19. f3 Qg6 20. Qf2
Bd5 21. b3 b5 22. Rd4 Rac8 23. Qd2 Rc6 24. Be3 Rc7 25. Rg4 Qh5 26. Rg5 Qh4 27.
Rc1 f6 28. Rxd5 exd5 29. Qxd5+ Kh8 30. g3 Qh3 31. Qxb5 Rd8 32. Bd4 h6 33. Re1
Rcd7 34. Re4 Kh7 35. Rg4 Rd5 36. Qd3+ Kh8 37. Qe2 Rg5 38. Re4 Rgd5 39. g4 f5
40. Re8+ Kh7 41. Rxd8 Rxd8 42. Qe5 Rg8 43. Qxf5+ Kh8 44. Qg6 a6 45. f4 Qh4 46.
Kg2 1-0

[Event "4NCL Division 1 & 2"]
[Site "Daventry, ENG"]
[Date "2022.06.25"]
[Round "10.38"]
[White "Starley, Robert"]
[Black "Connell, Blair N"]
[Result "0-1"]
[WhiteElo "2048"]
[BlackElo "2214"]
[PlyCount "78"]
[EventDate "2022.06.25"]
[WhiteTeam "Cambridge University 1"]
[BlackTeam "Cheddleton"]

1. e4 e5 2. Nf3 Nc6 3. Bb5 f5 4. d3 Nf6 5. Qe2 fxe4 6. dxe4 a6 7. Bc4 Bc5 8.
O-O d6 9. h3 b5 10. Bb3 Na5 11. Bg5 h6 12. Bh4 g5 13. Bg3 Nxb3 14. axb3 O-O 15.
Rd1 Qe8 16. Nc3 Be6 17. Nd5 Qf7 18. Nxf6+ Qxf6 19. Nd2 Qg6 20. Nf1 h5 21. Ne3
h4 22. Bh2 Qxe4 23. Qh5 Bxe3 24. fxe3 Rf6 25. Re1 Raf8 26. Re2 Kg7 27. Rd1 Rh6
28. Qxg5+ Rg6 29. Qe7+ Rf7 30. Qd8 Qf3 31. Bxe5+ dxe5 32. Qd3 Qg3 33. Rf1 Rxf1+
34. Kxf1 Bxh3 35. Rf2 Bxg2+ 36. Ke2 Bh3 37. Qd8 Qg4+ 38. Ke1 Qg1+ 39. Ke2 Bg4+
0-1